[Event "ch-RUS HL"]
[Site "Ulan Ude RUS"]
[Date "2009.09.06"]
[Round "5"]
[White "Romanov,E"]
[Black "Grachev,B"]
[Result "1-0"]
[WhiteElo "2588"]
[BlackElo "2684"]
[EventDate "2009.09.02"]

1. Nf3 d5 2. d4 Nf6 3. c4 c6 4. Nc3 e6 5. Bg5 Nbd7 6. e3 Be7 7. Bd3 O-O 8.
O-O h6 9. Bh4 b6 10. cxd5 Nxd5 11. Bxe7 Qxe7 12. Nxd5 exd5 13. Rc1 Bb7 14.
Qa4 a5 15. Bf5 Ba6 16. Rfe1 Bb5 17. Qc2 a4 18. e4 dxe4 19. Bxe4 Qb4 20.
Bxc6 Rac8 21. d5 Bxc6 22. dxc6 Nc5 23. Ne5 Rc7 24. g3 Re7 25. Re3 Qb5 26.
Qc4 Qa5 27. Ng6 Rxe3 28. fxe3 Re8 29. c7 Qd2 30. Ne7+ Kh8 31. c8=Q Qxe3+
32. Kg2 Rxc8 33. Nxc8 Qd2+ 34. Kg1 Qe3+ 35. Kg2 Qd2+ 36. Kh3 Ne6 37. Ne7
Ng5+ 38. Kg4 Qd7+ 39. Nf5 Qd2 40. Qc8+ Kh7 41. Qc2 Qb4+ 42. Qc4 Qd2 43.
Nxg7 Qe3 44. Rf1 b5 45. Qc2+ Kxg7 46. Qc3+ Qxc3 47. bxc3 Ne4 48. Rf3 1-0

[Event "ch-RUS HL"]
[Site "Ulan Ude RUS"]
[Date "2009.09.06"]
[Round "5"]
[White "Lysyj,I"]
[Black "Inarkiev,E"]
[Result "1-0"]
[WhiteElo "2612"]
[BlackElo "2664"]
[EventDate "2009.09.02"]

1. d4 Nf6 2. c4 g6 3. Nc3 Bg7 4. e4 d6 5. Nf3 O-O 6. h3 e5 7. d5 a5 8. g4
Na6 9. Be3 Nd7 10. a3 Nac5 11. Rg1 a4 12. Nd2 h6 13. Qf3 Kh7 14. h4 Nf6 15.
Qd1 h5 16. g5 Ng4 17. Bxc5 dxc5 18. Bd3 c6 19. f3 Ne3 20. Qe2 cxd5 21. cxd5
Qb6 22. Qxe3 Qxb2 23. Ndb1 Qxa1 24. Rg2 Bd7 25. Ra2 Qxa2 26. Nxa2 Rfc8 27.
Nbc3 Ra5 28. Qd2 b5 29. Nxb5 Rxb5 30. Bxb5 Bxb5 31. Qa5 Be8 32. Nc3 Bf8 33.
Qb6 Kg7 34. Qb7 Rd8 35. Qc7 Rd6 36. f4 exf4 37. Qb8 Bc6 38. dxc6 Rxc6 39.
Qe5+ Kg8 40. Nd5 Re6 41. Nf6+ Kh8 42. Qb8 Kg7 43. Qa8 c4 44. Qxa4 c3 45.
Qc4 Bxa3 46. Qxc3 Bd6 47. Ne8+ Kf8 48. Nxd6 Rxd6 49. Qc5 1-0

[Event "ch-RUS HL"]
[Site "Ulan Ude RUS"]
[Date "2009.09.06"]
[Round "5"]
[White "Amonatov,F"]
[Black "Popov,Iv RUS"]
[Result "1/2-1/2"]
[WhiteElo "2643"]
[BlackElo "2582"]
[EventDate "2009.09.02"]

1. e4 e5 2. Nf3 Nc6 3. Bb5 f5 4. d3 fxe4 5. dxe4 Nf6 6. Bg5 Bb4+ 7. Nbd2 d6
8. O-O Bxd2 9. Nxd2 h6 10. Be3 O-O 11. Be2 Qe7 12. c3 Be6 13. b4 g5 14. Bc4
Nd8 15. f3 c6 16. a4 Nf7 17. Qe2 Rfd8 18. Bxe6 Qxe6 19. Qf2 a6 20. a5 d5
21. Bb6 Rf8 22. Rae1 Nd7 23. Be3 Nd6 24. h4 Nxe4 25. Nxe4 dxe4 26. hxg5
exf3 27. Qg3 h5 28. Rxf3 Rxf3 29. Qxf3 Qg6 30. Rd1 Nf8 31. Qh3 Re8 32. Rf1
Nh7 33. Qd7 Rf8 34. Rxf8+ Nxf8 35. Qxb7 Qb1+ 36. Kh2 Qe1 37. Bc5 Qh4+ 38.
Kg1 1/2-1/2

[Event "ch-RUS HL"]
[Site "Ulan Ude RUS"]
[Date "2009.09.06"]
[Round "5"]
[White "Popov,Val"]
[Black "Yuzhakov,O"]
[Result "1/2-1/2"]
[WhiteElo "2595"]
[BlackElo "2360"]
[EventDate "2009.09.02"]

1. d4 d5 2. Nf3 c6 3. c4 e6 4. e3 f5 5. Bd3 Nf6 6. O-O Bd6 7. b3 O-O 8. Ba3
Bxa3 9. Nxa3 Qe7 10. Qc1 b6 11. Qb2 a6 12. Rac1 Bb7 13. cxd5 cxd5 14. Ne5
Qd6 15. Nb1 Nfd7 16. Rc2 Nxe5 17. dxe5 Qd8 18. Rfc1 Rf7 19. Qd4 Nd7 20. b4
b5 21. Rc7 Rc8 22. Rxc8 Bxc8 23. Nd2 Nb6 24. Rc6 Na4 25. g4 fxg4 26. Qxg4
Nb2 27. Rd6 Qc7 28. Qd4 Qc1+ 29. Nf1 Rf8 30. f4 g5 31. fxg5 Nxd3 32. Qxd3
Qe1 33. Rc6 Qf2+ 34. Kh1 Qxf1+ 35. Qxf1 Rxf1+ 36. Kg2 Rf8 37. Rc7 Rd8 38.
Kf3 Bd7 39. Ra7 Kf7 40. h4 Kg6 41. Kg4 h5+ 42. gxh6 Kxh6 43. Rxa6 Rg8+ 44.
Kf3 Kh5 45. Rd6 Rg7 46. e4 Rf7+ 47. Ke3 dxe4 48. Kxe4 Kxh4 49. Kd4 Kg3 50.
Kc5 Kf4 51. Rd1 Kxe5 52. Re1+ Kf6 53. Kd6 Bc8 54. Rf1+ Kg7 55. Rg1+ Kf8 56.
Kc6 Bd7+ 57. Kd6 Rh7 58. a3 Bc8 59. Kc6 Rh3 60. Ra1 Ke7 61. Kxb5 Rc3 62. a4
Kd7 63. Kb6 Rc6+ 64. Ka5 e5 65. b5 Re6 66. Kb4 e4 67. Kc4 Kd6 68. Kd4 Bb7
69. Ra3 Re5 70. Rg3 Ke6 71. Rh3 Rd5+ 72. Kc4 Rd1 73. a5 Bd5+ 74. Kc5 Rc1+
75. Kb6 Ke5 76. a6 Kd4 77. Rh4 Kc4 78. Rh8 Kb4 79. Rh2 e3 80. Re2 Rc3 81.
Rb2+ Ka3 82. Rh2 Rc8 83. Rh3 Re8 84. Kc5 Bg2 85. Rg3 Bh1 86. Rh3 Bg2 87.
Rg3 Bf1 88. a7 Ka4 89. Rxe3 Rh8 90. b6 Bg2 91. Re2 Rc8+ 92. Kd6 Bf3 93. Rb2
Bb7 94. Kd7 Ka5 95. a8=Q 1/2-1/2

[Event "ch-RUS HL"]
[Site "Ulan Ude RUS"]
[Date "2009.09.06"]
[Round "5"]
[White "Frolyanov,D"]
[Black "Kornev,Alexei"]
[Result "1-0"]
[WhiteElo "2557"]
[BlackElo "2527"]
[EventDate "2009.09.02"]

1. e4 c6 2. d4 d5 3. exd5 cxd5 4. c4 Nf6 5. Nc3 e6 6. Nf3 Bb4 7. cxd5 Nxd5
8. Bd2 Nc6 9. Bd3 O-O 10. O-O Be7 11. Re1 Nf6 12. Bg5 h6 13. Be3 Nb4 14.
Bc4 Nbd5 15. Ne5 Nxe3 16. Rxe3 Qb6 17. d5 Rd8 18. Qf3 Qxb2 19. Rb1 Qa3 20.
dxe6 fxe6 21. Qf5 Qa6 22. Rg3 1-0

[Event "ch-RUS HL"]
[Site "Ulan Ude RUS"]
[Date "2009.09.06"]
[Round "5"]
[White "Shaposhnikov,E"]
[Black "Gabrielian,A"]
[Result "1-0"]
[WhiteElo "2545"]
[BlackElo "2513"]
[EventDate "2009.09.02"]

1. e4 c5 2. Nf3 d6 3. c3 Nf6 4. h3 Nc6 5. Bd3 g6 6. Bc2 Bg7 7. d4 d5 8. e5
Ne4 9. O-O O-O 10. Re1 Qb6 11. dxc5 Qxc5 12. Be3 Qb5 13. Bb3 Rd8 14. Nbd2
Bf5 15. Nd4 Nxd4 16. cxd4 a5 17. a4 Qb6 18. Nb1 Be6 19. f3 Ng3 20. Bf2 Nf5
21. g4 Nh6 22. Nc3 Rac8 23. Rc1 Rc6 24. Nb5 Kh8 25. Qd2 Ng8 26. Rc5 Bh6 27.
Qd3 Bf4 28. Kg2 Kg7 29. Re2 f6 30. exf6+ exf6 31. Rxc6 Qxc6 32. Rc2 Qd7 33.
Qc3 h5 34. Bg3 Bxg3 35. Kxg3 hxg4 36. Qxa5 Qe7 37. hxg4 Bd7 38. Nc3 Bc6 39.
Re2 Qd6+ 40. Kg2 Rd7 41. Qc5 b6 42. Qxd6 Rxd6 43. f4 Kf8 44. Kg3 Ne7 45.
Na2 Bd7 46. Nb4 Nc6 47. Nxc6 Rxc6 48. g5 fxg5 49. fxg5 Rc1 50. Bc2 Rg1+ 51.
Rg2 Ra1 52. Kf4 Kf7 53. Ke5 Bxa4 54. Bxa4 Rxa4 55. Kxd5 Ke7 56. Re2+ Kf7
57. Ke5 Ke7 58. d5 Rg4 59. d6+ Kd7 60. Kf6 Kxd6 61. Kxg6 Kc5 62. Kf5 Rg1
63. g6 Kc4 64. Kf6 Rf1+ 65. Ke7 Rg1 66. Kf7 Rf1+ 67. Kg8 Rf3 68. g7 b5 69.
Rh2 1-0

[Event "ch-RUS HL"]
[Site "Ulan Ude RUS"]
[Date "2009.09.06"]
[Round "5"]
[White "Belov,Vl"]
[Black "Sek,K"]
[Result "0-1"]
[WhiteElo "2624"]
[BlackElo "2420"]
[EventDate "2009.09.02"]

1. e4 Nf6 2. e5 Nd5 3. d4 d6 4. Nf3 Nc6 5. c4 Nb6 6. e6 fxe6 7. Nc3 g6 8.
h4 Bg7 9. h5 e5 10. d5 Nd4 11. hxg6 hxg6 12. Rxh8+ Bxh8 13. Bd3 c6 14. Be3
Kd7 15. Nxd4 exd4 16. Bxd4 Kc7 17. Be2 c5 18. Bxh8 Qxh8 19. Qd2 Qh4 20. b3
Bd7 21. g3 Qh1+ 22. Bf1 Rf8 23. O-O-O Qf3 24. Be2 Qg2 25. Qe3 Rxf2 26. Qxe7
a6 27. Qe3 Rf8 28. Rd2 Re8 29. Qf4 Re5 30. Bd3 Qg1+ 31. Kc2 g5 32. Qf2 Qh1
33. Rd1 Qh5 34. Rf1 g4 35. Qf4 Nc8 36. Be4 Re7 37. Bd3 Re5 38. Rf2 Ne7 39.
Re2 Rxe2+ 40. Nxe2 Bf5 41. Bxf5 Nxf5 42. Kd2 Qg6 43. Nc3 Kb8 44. Ne4 Ka8
45. Kd3 Ka7 46. Qf2 Kb8 47. a3 b6 48. b4 Ka7 49. a4 a5 50. bxa5 bxa5 51.
Qf4 Kb6 52. Kd2 Ka7 53. Ke1 Kb6 54. Kf2 Qh5 55. Kg1 Qg6 56. Nf2 Nh6 57. Qf8
Kb7 58. Qe7+ Kb8 59. Qd8+ Kb7 60. Qd7+ Kb8 61. Qb5+ Kc8 62. Qxa5 Qb1+ 63.
Kg2 Nf5 64. Qc3 Nd4 65. Nxg4 Qe4+ 66. Kh3 Qf5 67. Qe1 Qh5+ 68. Kg2 Qxg4 69.
Qe8+ Kc7 70. a5 Qf3+ 71. Kh3 Qf1+ 72. Kh4 Qh1+ 73. Kg5 Nf3+ 74. Kf4 Ne5 75.
Qe7+ Nd7 76. Qe2 Ne5 77. a6 Qa1 78. g4 Qxa6 79. g5 Qc8 80. Qh5 Qf8+ 81. Ke4
Qe7 82. Kf5 Nxc4 83. g6 Qe5+ 0-1

[Event "ch-RUS HL"]
[Site "Ulan Ude RUS"]
[Date "2009.09.06"]
[Round "5"]
[White "Belous,V"]
[Black "Badmatsyrenov,O"]
[Result "1/2-1/2"]
[WhiteElo "2426"]
[BlackElo "2437"]
[EventDate "2009.09.02"]

1. d4 Nf6 2. c4 e6 3. Nc3 c5 4. d5 exd5 5. cxd5 d6 6. e4 g6 7. f4 Bg7 8.
Bb5+ Nfd7 9. Nf3 a6 10. Bd3 b5 11. a3 O-O 12. O-O Ra7 13. Qe1 Nf6 14. h3 b4
15. axb4 cxb4 16. Na4 a5 17. Be3 Re7 18. Qh4 Nbd7 19. Nd4 Nb8 20. f5 Nxd5
21. f6 Nxf6 22. Bg5 Nxe4 23. Bxe7 Bxd4+ 24. Kh2 Be5+ 25. Kh1 Ng3+ 26. Kg1
Qc7 27. Bxf8 Kxf8 28. Rac1 Qa7+ 29. Rf2 Be6 30. Re1 Nf5 31. Bxf5 Bxf5 32.
Qxh7 Nd7 33. g4 Be6 34. Qh6+ Kg8 35. Qe3 Bd4 36. Qf4 Ne5 37. Rd1 Be3 38.
Qf6 Bxf2+ 39. Qxf2 Qxf2+ 40. Kxf2 Bb3 41. Ra1 Nd7 42. h4 Kg7 43. Kf3 f6 44.
Kf4 Kh6 45. Kf3 Kg7 46. Kf4 Kh6 47. Kf3 f5 48. gxf5 gxf5 49. Kf4 Kh5 50.
Nb6 Nxb6 51. Rxa5 Be6 52. Ra6 Nd5+ 53. Kf3 Kxh4 54. Rxd6 Bf7 55. Rd7 Bh5+
56. Kf2 Nf4 57. Rd4 Kg5 58. Ke3 Ng2+ 59. Kf2 Nf4 60. Ke3 Nh3 61. Rxb4 f4+
62. Ke4 Nf2+ 63. Kd4 Bg6 64. Rb8 Nd1 65. b4 f3 66. Rh8 Kf4 67. Rh4+ Kg3 68.
Rh1 Bc2 69. b5 f2 70. b6 Kg2 71. Rxd1 Bxd1 72. b7 f1=Q 73. b8=Q Qf6+ 74.
Qe5 Qxe5+ 75. Kxe5 1/2-1/2

[Event "ch-RUS HL"]
[Site "Ulan Ude RUS"]
[Date "2009.09.07"]
[Round "6"]
[White "Riazantsev,A"]
[Black "Lastin,A"]
[Result "1/2-1/2"]
[WhiteElo "2646"]
[BlackElo "2648"]
[EventDate "2009.09.02"]

1. d4 Nf6 2. c4 e6 3. Nf3 d5 4. Nc3 Bb4 5. cxd5 exd5 6. Bg5 Nbd7 7. Rc1 O-O
8. e3 c6 9. Bd3 Re8 10. O-O Be7 11. Qc2 Nf8 12. h3 Be6 13. Na4 Ne4 14. Bxe7
Rxe7 15. b4 Rc8 16. Nc5 Nxc5 17. Qxc5 a6 18. a4 Rec7 19. Qc2 Qf6 20. Ne5
Qg5 21. Nf3 Qf6 22. Ne5 Qg5 23. Kh1 Qh5 24. Qe2 Qh4 25. Rc3 Nd7 26. Nxd7
Rxd7 27. Qf3 g6 28. Rfc1 Rd6 29. Kh2 Bd7 30. Qg3 Qe7 31. b5 axb5 32. axb5
Ra8 33. bxc6 Rxc6 34. Rc5 Rxc5 35. Rxc5 Bc6 36. Bb5 Ra5 37. Bxc6 Rxc5 38.
dxc5 bxc6 39. Qb8+ Kg7 40. Qb2+ Kg8 41. Qb8+ Kg7 42. Qb2+ Kg8 1/2-1/2

[Event "ch-RUS HL"]
[Site "Ulan Ude RUS"]
[Date "2009.09.07"]
[Round "6"]
[White "Khismatullin,D"]
[Black "Romanov,E"]
[Result "1/2-1/2"]
[WhiteElo "2614"]
[BlackElo "2588"]
[EventDate "2009.09.02"]

1. d4 d5 2. c4 c6 3. Nf3 Nf6 4. e3 Bf5 5. Nc3 e6 6. Nh4 Bg6 7. Qb3 Qb6 8.
Nxg6 hxg6 9. Bd2 Nbd7 10. Qc2 Bb4 11. Bd3 e5 12. a3 Bxc3 13. bxc3 Qc7 14.
h3 O-O 15. O-O Rac8 16. Qa2 dxc4 17. Bxc4 c5 18. Rac1 Ne4 19. Rfd1 Nxd2 20.
Qxd2 Nb6 21. Ba2 Qe7 22. dxe5 Qxe5 23. Qb2 Rcd8 24. Qb3 Qc7 25. h4 Nd7 26.
Qc2 Kh8 27. Rd2 Nf6 28. Rcd1 Rxd2 29. Rxd2 Re8 30. Rd1 Re7 31. g3 b6
1/2-1/2

[Event "ch-RUS HL"]
[Site "Ulan Ude RUS"]
[Date "2009.09.07"]
[Round "6"]
[White "Bryzgalin,K"]
[Black "Lysyj,I"]
[Result "1/2-1/2"]
[WhiteElo "2480"]
[BlackElo "2612"]
[EventDate "2009.09.02"]

1. d4 e6 2. c4 Nf6 3. Nc3 Bb4 4. Qc2 d5 5. cxd5 Qxd5 6. e3 c5 7. Bd2 Bxc3
8. Bxc3 cxd4 9. Bxd4 Nc6 10. Bc3 Bd7 11. Nf3 Rc8 12. Qb3 Qxb3 13. axb3 a6
14. Bc4 O-O 15. Ke2 Rfd8 16. Rhd1 Ne4 17. Bd3 Nxc3+ 18. bxc3 Kf8 19. Be4
Ke7 20. Bd3 Be8 21. Be4 Rxd1 22. Kxd1 Rd8+ 23. Kc2 Rc8 24. Kb2 Rd8 25. Kc2
Rc8 26. Kb2 Rd8 27. Kc2 Rc8 28. Kb2 Rd8 29. Kc2 1/2-1/2

[Event "ch-RUS HL"]
[Site "Ulan Ude RUS"]
[Date "2009.09.07"]
[Round "6"]
[White "Burmakin,V"]
[Black "Amonatov,F"]
[Result "1/2-1/2"]
[WhiteElo "2599"]
[BlackElo "2643"]
[EventDate "2009.09.02"]

1. d4 Nf6 2. Nf3 g6 3. g3 Bg7 4. Bg2 O-O 5. O-O d6 6. c4 Nbd7 7. Nc3 e5 8.
b3 Re8 9. Bb2 c6 10. Qc2 a6 11. dxe5 dxe5 12. Rfd1 Qc7 13. Ng5 Nc5 14. Ba3
Bf8 15. Nge4 Ncxe4 16. Nxe4 Nxe4 17. Bxf8 Rxf8 18. Bxe4 Be6 19. Rd2 a5 20.
Rad1 Rfd8 21. a4 Rxd2 22. Qxd2 Qb6 23. Bc2 Qc5 24. h4 Kg7 25. h5 b5 26.
axb5 cxb5 27. Be4 Rc8 28. Qxa5 bxc4 29. Qxc5 Rxc5 30. bxc4 Rxc4 31. Bd5
1/2-1/2

[Event "ch-RUS HL"]
[Site "Ulan Ude RUS"]
[Date "2009.09.07"]
[Round "6"]
[White "Grachev,B"]
[Black "Shaposhnikov,E"]
[Result "1/2-1/2"]
[WhiteElo "2684"]
[BlackElo "2545"]
[EventDate "2009.09.02"]

1. d4 Nf6 2. c4 e6 3. Nf3 b6 4. g3 Bb4+ 5. Nbd2 Bb7 6. Bg2 Be7 7. O-O O-O
8. Qc2 d5 9. cxd5 exd5 10. Ne5 c5 11. Ndf3 Na6 12. b3 Rc8 13. Bh3 Rc7 14.
Bf4 Bc8 15. Bxc8 Qxc8 16. Nd3 Rb7 17. Rac1 Rd8 18. Qb2 Ne4 19. Rfd1 Bf8 20.
Nd2 Re7 21. Nxe4 dxe4 22. Ne1 Red7 23. Nc2 Qb7 24. Qa1 h6 25. dxc5 Nxc5 26.
Ne3 Ne6 27. Rxd7 Rxd7 28. Rd1 Bc5 29. Nf5 Rd5 30. Ne3 Rd7 31. Nf5 Rd5 32.
Ne3 1/2-1/2

[Event "ch-RUS HL"]
[Site "Ulan Ude RUS"]
[Date "2009.09.07"]
[Round "6"]
[White "Kornev,Alexei"]
[Black "Sharafiev,A"]
[Result "0-1"]
[WhiteElo "2527"]
[BlackElo "2400"]
[EventDate "2009.09.02"]

1. e4 c5 2. Nf3 e6 3. c3 d5 4. exd5 Qxd5 5. d4 Nc6 6. Be3 cxd4 7. cxd4 Bb4+
8. Nc3 Nf6 9. Bd3 O-O 10. O-O Qa5 11. Rc1 Bd7 12. Bb1 Be7 13. Bg5 Rfd8 14.
Qd3 Nb4 15. Qe3 h6 16. Bxf6 Bxf6 17. Qe4 g6 18. a3 Nc6 19. Rfd1 Be8 20. Ba2
Ne7 21. Qf4 Bg7 22. Ne5 Nc6 23. Nf3 Nxd4 24. Rxd4 Rxd4 25. Nxd4 e5 26. Qf3
exd4 27. Qxb7 Qd8 28. Nd1 a5 29. h4 Rb8 30. Qe4 Kf8 31. h5 gxh5 32. Rc5 h4
33. Rf5 a4 34. Kh2 Qe7 35. Qd3 Qd6+ 36. f4 Qg6 37. Bc4 Rc8 38. Bd5 Rc5 39.
Nf2 Bb5 40. Rxf7+ Qxf7 41. Bxf7 Bxd3 42. Nxd3 Rc2 43. Bd5 Ke7 44. Kg1 Kd6
45. Bf7 Ke7 46. Bg8 Kf6 47. Bh7 Bf8 48. Kf1 Bd6 49. Be4 Bc7 50. Ke1 Ba5+
51. Kd1 Rd2+ 52. Kc1 h3 53. gxh3 Rh2 54. Bc6 Rxh3 55. Nf2 Rh4 56. Bxa4 Rxf4
57. Nd3 Rf1+ 58. Kc2 h5 59. b4 Bc7 60. Bd7 h4 61. a4 Ke7 62. Bc8 Rf8 63.
Bg4 Rg8 64. Bf5 Rg3 65. Kb3 Rf3 66. Be4 Re3 0-1

[Event "ch-RUS HL"]
[Site "Ulan Ude RUS"]
[Date "2009.09.09"]
[Round "7"]
[White "Timofeev,Arty"]
[Black "Vorobiov,E"]
[Result "1/2-1/2"]
[WhiteElo "2668"]
[BlackElo "2606"]
[EventDate "2009.09.02"]

1. e4 c5 2. Nf3 d6 3. d4 cxd4 4. Nxd4 Nf6 5. Nc3 Nc6 6. Be2 g6 7. O-O Nxd4
8. Qxd4 Bg7 9. a4 O-O 10. a5 Bd7 11. Qb4 Bc6 12. Bg5 Qd7 13. Rad1 h6 14.
Be3 Qe6 15. Bc4 Qe5 16. f4 Qh5 17. Be2 Qh4 18. Rf3 Qg4 19. Rg3 Qc8 20. f5
Kh7 21. Bd3 Nd7 22. Nd5 Bxd5 23. exd5 Ne5 24. Rf1 Nxd3 25. cxd3 Bf6 26. Qe4
g5 27. h4 Rg8 28. hxg5 Rxg5 29. Rh3 Kg7 30. Kh1 Qc2 31. b4 Rc8 32. Rg1 Rh8
33. Bxa7 h5 34. Bd4 Rg4 35. Bxf6+ exf6 36. Qe7 Rxb4 37. Qxd6 Rd4 38. Rg3+
Rg4 39. Kh2 Re8 40. Qf4 Qe2 41. Rb1 Re5 42. Rxb7 Rxd5 43. Qc7 Kh6 44. Qc1+
Kg7 45. Qf4 Rxa5 46. Qc7 Kh6 47. Qc1+ Kg7 48. Qc7 Kh6 49. Qxa5 Rxg3 50.
Kxg3 Qe3+ 51. Kh2 Qf4+ 52. Kg1 Qd4+ 53. Kh1 Qh4+ 54. Kg1 Qd4+ 55. Kf1 Qxd3+
56. Kf2 Qd4+ 57. Kf1 Qd3+ 58. Kg1 Qd4+ 59. Kh1 1/2-1/2

[Event "ch-RUS HL"]
[Site "Ulan Ude RUS"]
[Date "2009.09.09"]
[Round "7"]
[White "Lastin,A"]
[Black "Romanov,E"]
[Result "1/2-1/2"]
[WhiteElo "2648"]
[BlackElo "2588"]
[EventDate "2009.09.02"]

1. e4 e5 2. Nf3 Nc6 3. Bb5 a6 4. Ba4 Nf6 5. O-O Nxe4 6. d4 b5 7. Bb3 d5 8.
dxe5 Be6 9. c3 Bc5 10. Qd3 Ne7 11. Nbd2 Bf5 12. Nd4 Bg6 13. Nxe4 Bxe4 14.
Qg3 O-O 15. Bg5 Qe8 16. Bxe7 Qxe7 17. Bxd5 Bxd4 18. Bxa8 Bxe5 19. f4 Bxf4
20. Qxf4 Rxa8 21. Rae1 Qc5+ 22. Qe3 Qxe3+ 23. Rxe3 Bd5 24. Re7 Bxa2 25.
Rxc7 g6 26. Rd1 a5 27. Rcd7 Kg7 28. Rd8 Ra7 29. R1d7 Ra6 30. Rd6 Ra7 31.
R6d7 Ra6 32. Rd6 Ra7 33. R6d7 Ra6 1/2-1/2

[Event "ch-RUS HL"]
[Site "Ulan Ude RUS"]
[Date "2009.09.09"]
[Round "7"]
[White "Volkov,Sergey1"]
[Black "Maslak,K"]
[Result "1/2-1/2"]
[WhiteElo "2616"]
[BlackElo "2551"]
[EventDate "2009.09.02"]

1. d4 Nf6 2. c4 g6 3. Nc3 d5 4. Nf3 Bg7 5. Bg5 Ne4 6. Bf4 Nxc3 7. bxc3 c5
8. e3 O-O 9. cxd5 cxd4 10. cxd4 Qxd5 11. Be2 Nc6 12. O-O Bf5 13. Qa4 Qa5
14. Qb3 Qb4 15. Rfc1 Rac8 16. h3 a6 17. Qd1 Qa3 18. Nd2 b5 19. Qb3 Qxb3 20.
Nxb3 e5 21. dxe5 Nxe5 22. Nd4 Be4 23. Rd1 Nc6 24. Nxc6 Rxc6 25. Rac1 Rxc1
26. Rxc1 Bd5 27. Rc2 Be6 28. Rc6 Bxa2 29. Rxa6 Bc4 30. Bxc4 bxc4 31. Rc6 c3
32. Bd6 Rd8 33. Bb4 Rd1+ 34. Kh2 h5 35. Kg3 Rb1 36. Ba5 Ra1 37. Bb4 Rb1 38.
Ba5 Ra1 1/2-1/2

[Event "ch-RUS HL"]
[Site "Ulan Ude RUS"]
[Date "2009.09.09"]
[Round "7"]
[White "Tregubov,P"]
[Black "Popov,Val"]
[Result "1/2-1/2"]
[WhiteElo "2649"]
[BlackElo "2595"]
[EventDate "2009.09.02"]

1. d4 d5 2. c4 e6 3. Nf3 Nf6 4. Nc3 c6 5. Bg5 dxc4 6. e4 b5 7. e5 h6 8. Bh4
g5 9. Nxg5 hxg5 10. Bxg5 Nbd7 11. exf6 Bb7 12. g3 c5 13. d5 Bh6 14. Bxh6
Rxh6 15. Bg2 Nxf6 16. O-O b4 17. Na4 Bxd5 18. Nxc5 Bxg2 19. Kxg2 Qb6 20.
Qf3 Rd8 21. Ne4 Nxe4 22. Qxe4 Rd4 23. Qa8+ Rd8 24. Qf3 Ke7 25. Rad1 Rf6 26.
Qe2 Rxd1 27. Rxd1 Rf5 28. h4 Qc6+ 29. Kg1 Rd5 30. Rc1 Rd4 31. Qe5 Qd5 32.
Qc7+ Kf6 33. Rf1 a5 34. a3 Kg7 35. axb4 axb4 36. Re1 Rd2 37. Qf4 Rxb2 38.
Qg4+ Kh7 39. Rd1 Qf5 40. Qd4 Rb1 41. Rxb1 Qxb1+ 42. Kh2 c3 43. g4 Qg6 44.
Qxb4 Qf6 45. Qe4+ Kg8 46. Kg2 Qd8 47. Qe3 Qd2 48. Kf3 Qd1+ 49. Kg3 Qd6+ 50.
Kg2 Qc6+ 51. f3 c2 52. Qg5+ Kf8 1/2-1/2

[Event "ch-RUS HL"]
[Site "Ulan Ude RUS"]
[Date "2009.09.09"]
[Round "7"]
[White "Popov,Iv RUS"]
[Black "Savchenko,B"]
[Result "1-0"]
[WhiteElo "2582"]
[BlackElo "2638"]
[EventDate "2009.09.02"]

1. e4 c5 2. Nf3 d6 3. d4 cxd4 4. Nxd4 Nf6 5. Nc3 Nc6 6. f3 g6 7. Be3 Bg7 8.
Qd2 O-O 9. O-O-O d5 10. Kb1 Nxd4 11. e5 Nf5 12. exf6 Bxf6 13. Nxd5 Qxd5 14.
Qxd5 Nxe3 15. Qd2 Nxd1 16. Qxd1 Be6 17. Be2 b5 18. Qd2 a5 19. Bxb5 a4 20.
g4 Rab8 21. c4 Rfd8 22. Qe2 Rd6 23. Bxa4 Rxb2+ 24. Qxb2 Bxb2 25. Kxb2 Bxc4
26. Rc1 Bd5 27. Rc3 Kg7 28. Rd3 Kf6 29. Bb3 e6 30. Bxd5 exd5 31. a4 d4 32.
a5 Ke5 33. Ra3 Ra6 34. Kb3 Rc6 35. Kb4 Kd5 36. Ra1 Rc8 37. a6 Rb8+ 38. Ka5
d3 39. a7 Ra8 40. Kb6 Kd4 41. Kb7 Rxa7+ 42. Rxa7 Ke3 43. Kc8 f5 44. gxf5
gxf5 45. Rd7 f4 46. Kd8 d2 47. Ke7 Kxf3 48. Rxd2 Ke3 49. Rd6 f3 50. Re6+
Kd2 51. h4 1-0

[Event "ch-RUS HL"]
[Site "Ulan Ude RUS"]
[Date "2009.09.09"]
[Round "7"]
[White "Maletin,P"]
[Black "Galkin,A"]
[Result "1-0"]
[WhiteElo "2576"]
[BlackElo "2608"]
[EventDate "2009.09.02"]

1. d4 d5 2. c4 e6 3. Nf3 c6 4. Nbd2 f5 5. g3 Nf6 6. Bg2 Bd6 7. Ne5 O-O 8.
O-O Qe7 9. Nd3 Ne4 10. Qc2 b6 11. b4 Bxb4 12. Nxb4 Qxb4 13. Nxe4 fxe4 14.
a4 Qxc4 15. Qxc4 dxc4 16. Bxe4 Bb7 17. Bf4 Rf7 18. Rab1 Nd7 19. Rfc1 Nf6
20. Bg2 Nd5 21. Rxc4 Nxf4 22. gxf4 Rxf4 23. e3 Rg4 24. h3 Rg5 25. f4 Ra5
26. Bxc6 Bxc6 27. Rxc6 Rxa4 28. Rxe6 Ra2 29. Rc1 Kf7 30. f5 Re2 31. Kf1 Rh2
32. Rc7+ Kf8 33. d5 a5 34. Ree7 Rxh3 35. Rf7+ Kg8 36. Rxg7+ Kh8 37. Rge7
Rf8 38. d6 1-0

[Event "ch-RUS HL"]
[Site "Ulan Ude RUS"]
[Date "2009.09.09"]
[Round "7"]
[White "Khairullin,I"]
[Black "Shomoev,A"]
[Result "1-0"]
[WhiteElo "2604"]
[BlackElo "2566"]
[EventDate "2009.09.02"]

1. d4 Nf6 2. c4 g6 3. Nc3 Bg7 4. e4 d6 5. f3 O-O 6. Be3 c5 7. Nge2 Nc6 8.
d5 Ne5 9. Ng3 e6 10. Be2 exd5 11. cxd5 h5 12. O-O Nh7 13. Qd2 h4 14. Nh1 f5
15. Nf2 Bd7 16. Kh1 a6 17. a4 Re8 18. Rg1 Nf7 19. Rge1 g5 20. f4 gxf4 21.
Bxf4 Nf6 22. Bd3 fxe4 23. Nfxe4 Nh5 24. Bxd6 Nxd6 25. Nxd6 Rf8 26. Nxb7 Qf6
27. Ne4 Qxb2 28. Qxb2 Bxb2 29. Rab1 Bd4 30. Nbxc5 Bf5 31. Ne6 Bxe6 32. dxe6
Ra7 33. Rbd1 Rd8 34. Bc4 Kg7 35. Nc5 Re7 36. Re4 Rc8 37. Rdxd4 Rxc5 38. Rd7
Kf6 39. Rxe7 Kxe7 40. Rxh4 1-0

[Event "ch-RUS HL"]
[Site "Ulan Ude RUS"]
[Date "2009.09.09"]
[Round "7"]
[White "Rakhmanov,Ale"]
[Black "Grachev,B"]
[Result "1-0"]
[WhiteElo "2588"]
[BlackElo "2684"]
[EventDate "2009.09.02"]

1. d4 d5 2. c4 c6 3. cxd5 cxd5 4. Nf3 Nf6 5. Nc3 Nc6 6. Bf4 e6 7. e3 Be7 8.
Bd3 O-O 9. Rc1 Bd7 10. Ne5 Nxe5 11. Bxe5 Qa5 12. O-O b5 13. a3 Rfc8 14. Qe2
b4 15. axb4 Qxb4 16. f4 g6 17. g4 Ne4 18. Bxe4 dxe4 19. f5 Bc6 20. Qf2 exf5
21. gxf5 Qb3 22. Qg3 Bb5 23. Rf2 Rc6 24. d5 Rxc3 25. Bxc3 Qxd5 26. fxg6
hxg6 27. Bd4 Qh5 28. Qf4 Rf8 29. Rc7 g5 30. Qe5 Qg4+ 31. Kh1 Qd1+ 32. Kg2
Qg4+ 33. Qg3 Qxg3+ 34. hxg3 Bd8 35. Rxa7 Bc4 36. Rc2 Be6 37. b4 Kh7 38. b5
Kg6 39. Ra8 f6 40. b6 1-0

[Event "ch-RUS HL"]
[Site "Ulan Ude RUS"]
[Date "2009.09.09"]
[Round "7"]
[White "Papin,V"]
[Black "Kurnosov,I"]
[Result "0-1"]
[WhiteElo "2529"]
[BlackElo "2669"]
[EventDate "2009.09.02"]

1. d4 Nf6 2. c4 g6 3. Nf3 Bg7 4. g3 O-O 5. Bg2 d5 6. cxd5 Nxd5 7. O-O c5 8.
dxc5 Na6 9. Ng5 e6 10. Ne4 Bd7 11. Nbc3 Bc6 12. Bd2 f5 13. Nxd5 Bxd5 14.
Nc3 Bxg2 15. Kxg2 Nxc5 16. Be3 Qe7 17. Rc1 Rac8 18. Rc2 b6 19. Qc1 Qb7+ 20.
f3 Nd7 21. Rd1 Nf6 22. Bd4 Rfd8 23. Qe3 Kf7 24. h3 Nd5 25. Qg1 f4 26. Kh1
e5 27. Bf2 e4 28. gxf4 exf3 29. exf3 Bxc3 30. bxc3 Nxf4 0-1

[Event "ch-RUS HL"]
[Site "Ulan Ude RUS"]
[Date "2009.09.09"]
[Round "7"]
[White "Shaposhnikov,E"]
[Black "Inarkiev,E"]
[Result "0-1"]
[WhiteElo "2545"]
[BlackElo "2664"]
[EventDate "2009.09.02"]

1. e4 c5 2. Nf3 e6 3. c4 Nc6 4. Nc3 e5 5. a3 d6 6. d3 g6 7. Be2 Bg7 8. O-O
Nge7 9. b4 cxb4 10. axb4 Nxb4 11. Qa4+ Nec6 12. Nd5 Na6 13. Bg5 f6 14. Be3
O-O 15. Rfb1 Rf7 16. Qb5 Qe8 17. Nd2 Be6 18. Nb3 Bf8 19. Qxb7 Rxb7 20.
Nxf6+ Kf7 21. Nxe8 Nab4 22. Na5 Nxa5 23. Nxd6+ Bxd6 24. Rxa5 Bc8 25. Rc1
Nc6 26. Ra2 Rab8 27. g3 Rb2 28. Rca1 Bh3 29. f4 a5 0-1

[Event "ch-RUS HL"]
[Site "Ulan Ude RUS"]
[Date "2009.09.09"]
[Round "7"]
[White "Anisimov,P2"]
[Black "Pushkarev,D"]
[Result "1-0"]
[WhiteElo "2518"]
[BlackElo "2429"]
[EventDate "2009.09.02"]

1. e4 c5 2. Nf3 d6 3. d4 cxd4 4. Nxd4 Nf6 5. Nc3 a6 6. Bg5 e6 7. f4 Qc7 8.
Bxf6 gxf6 9. Qd2 Nc6 10. O-O-O Bd7 11. Kb1 O-O-O 12. Bc4 Be7 13. Nxc6 Qxc6
14. Bb3 Kb8 15. Rhf1 h5 16. Qd3 Qc5 17. f5 Qe5 18. Qh3 Rdg8 19. g3 Rg4 20.
Rf4 Rg5 21. Ne2 Bc6 22. fxe6 Bxe4 23. exf7 f5 24. Nc3 Bf6 25. Bd5 Bxd5 26.
Rxd5 Qe1+ 27. Nd1 Rf8 28. Rfxf5 Qe6 29. Qf1 Rxf7 30. Rxg5 Bxg5 31. Qd3 Bf6
32. Rxd6 Qg4 33. a3 Be7 34. Rg6 Qc8 35. Rxa6 h4 36. gxh4 Qg4 37. Rg6 Qxh4
38. Rg8+ Ka7 39. Qe3+ b6 40. Qe6 1-0